000 00597nam a2200181 i 4500
001 56481
003 ES-MaACL
005 20230906163359.0
007 t|
008 031009s1914 fr ||||1| fre d
100 1 _aDick, Steward.
_944487
245 1 4 _aLes arts & mètiers de l'ancien Japon /
_cpar Steward Dick ; revu et adapte de l'anglais et prècèdè d'une prèface par Raphaël Petrucci.
260 _aBruxelles ;
_aParis :
_bVromant et Cie.,
_c1914.
300 _a183 p., 80 lám. ;
_c20 cm.
700 1 _aPetrucci, Raphael.
_9203300
852 _aES-MaACL
_jG-6328
999 _c56481
_d56481